La terapéutica en el Nuevo Reino de Granada : (Registro nro. 3497)

Detalles MARC
000 -CABECERA
Campo de control 01642cam a2200313 i 4500
005 - FECHA Y HORA DE LA ULTIMA TRANSACCION
Campo de control 20160210193957.0
008 - ELEMENTOS DE LONGITUD FIJA—INFORMACION GENERAL
Campo de control 030409s2002 ck ah b 001 0 spa
020 ## - ISBN
ISBN 9589205534
040 ## - FUENTE DE CATALOGACIÓN
Agencia catalogadora original DLC
Agencia transcriptora DLC
Agencia Modificadora DLC
-- CO-BoIAVH
041 ## - IDIOMA
Código de idioma para texto/pista de sonido o título separado Español
042 ## - AUTHENTICATION CODE
Authentication code pcc
043 ## - GEOGRAPHIC AREA CODE
Geographic area code s-ck---
082 04 - NUMERO DE CLASIFICACION DECIMAL DEWEY
Número de clasificación 581.634
Número del ítem D27t
100 1# - ASIENTO PRINCIPAL--NOMBRE PERSONAL
Nombre personal DÍaz Piedrahita, Santiago
9 (RLIN) 58829
245 13 - MENCION DE TITULO
Título La terapéutica en el Nuevo Reino de Granada :
Parte restante del título un recetario franciscano del siglo XVIII /
Mención de responsabilidad por Santiago Díaz Piedrahita, Luis Carlos Mantilla R.
260 ## - PUBLICACION, DISTRIBUCION, ETC. (PIE DE IMPRENTA)
Lugar de publicación, distribución, etc. Bogotá :
Nombre del editor, distribuidor, etc. Academia Colombiana de Ciencias Exactas, Físicas y Naturales,
Fecha de publicación, distribución, etc. 2002.
300 ## - DESCRIPCION FISICA
Extensión 207 páginas :
Otros detalles físicos ilustraciones (Algunas a color)
Dimensiones 27 cm.
490 1# - MENCION DE SERIE
Mención de serie Publicación especial
Designación numérica/secuencial del volumen no. 7
500 ## - NOTA GENERAL
Nota general "Homenage a la Academia Colombiana de Historia en su centenario, 1902-9 de mayo-2002."
500 ## - NOTA GENERAL
Nota general "Las viñetas que adornan este texto fueron tomadas de libros antiguos depositados en el Archivo Histórico del Colegio Mayor de Nuestra Señora del Rosario, en la Biblioteca del Instituto de Ciencias Naturales, de la Universidad Nacional de Colombia y en algunas bibliotecas particulares"--T.p. verso.
500 ## - NOTA GENERAL
Nota general Edición facsimilar.
504 ## - NOTA DE BIBLIOGRAFIA, ETC.
Nota de bibliografía Incluye referencias bibliográficas e índice.
650 14 - ASIENTO SECUNDARIO DE MATERIA - TERMINO TEMATICO
Término temático o nombre geográfico como elemento de entrada Terapéutica
Subdivisión geográfica Colombia
Subdivisión general Historia
Subdivisión cronológica Siglo XVIII
9 (RLIN) 58830
650 24 - ASIENTO SECUNDARIO DE MATERIA - TERMINO TEMATICO
Término temático o nombre geográfico como elemento de entrada Plantas medicinales
Subdivisión geográfica Colombia
Subdivisión general Historia
Subdivisión cronológica Siglo XVIII
9 (RLIN) 58831
650 24 - ASIENTO SECUNDARIO DE MATERIA - TERMINO TEMATICO
Término temático o nombre geográfico como elemento de entrada Palntas medicinales
Subdivisión general Uso terapéutico
Subdivisión geográfica Colombia
Subdivisión general Historia
Subdivisión cronológica Siglo XVIII
9 (RLIN) 58832
700 1# - ASIENTO SECUNDARIO - NOMBRE PERSONAL
Nombre personal Mantilla R., Luis Carlos
Forma más completa del nombre (Mantilla Ruiz)
Término de relación autor.
9 (RLIN) 58833
710 2# - ASIENTO SECUNDARIO - NOMBRE CORPORATIVO
Nombre corporativo o de jurisdicción como elemento de entrada Academia Colombiana de Historia.
9 (RLIN) 58834
942 ## - ELEMENTOS ADICIONALES (KOHA)
Sistema de clasificación Dewey Decimal Classification
Tipo de ítem Libro
Existencias
Withdrawn status Lost status Sistema de Clasificación Damaged status No para préstamo Colección Inventariado Ubicación Permanente Ubicación actual Fecha de adquisición Fuente de Valor Valor Total Checkouts Número topográfico Inventario / Código de Barras Date last seen Date checked out Ejemplar Price effective from Forma de adquisición Tipo de material
    Dewey Decimal Classification     General Inventariado 2017 Bogotá Bogotá 06/02/2004 Instituto 40000.00 1 LB-581.634 D27t 015121 05/02/2019 05/02/2019 Ej. 1 04/12/2012   Libro